[Event "SWE-ch"]
[Site "Linkoping"]
[Date "2001.07.02"]
[Round "2"]
[White "Wedberg, Tom Birger"]
[Black "Brynell, Stellan"]
[Result "0-1"]
[WhiteElo "2504"]
[BlackElo "2462"]
[Annotator "Ziegler,A"]
[PlyCount "117"]
[EventDate "2001.06.30"]
[EventType "tourn"]
[EventRounds "13"]
[EventCountry "SWE"]
[EventCategory "8"]
[SourceTitle "CBM 085"]
[Source "ChessBase"]
[SourceDate "2001.11.13"]
[SourceVersion "1"]
[SourceVersionDate "2001.11.13"]
[SourceQuality "1"]

{The best opening performance was delivered by Brynell. With this game he
crossed the magic 2500 and in next congress he will receive the honour of
grandmastership.} 1. e4 {Finkel,A: ' '} e6 2. d4 d5 3. Nc3 Nf6 4. e5 Nfd7 5. f4
c5 6. Nf3 Nc6 7. Be3 cxd4 8. Nxd4 Bc5 9. Qd2 O-O 10. O-O-O a6 11. h4 Nxd4 12.
Bxd4 b5 13. Rh3 {Finkel,A: 'In my opinion this continuation is much more
dangerous for black than 13.B:c5.' Top players have different views about this
move. Luke Mc Shane believes it's too slow, and I think so to.} b4 (13... Qb6
14. h5 Ra7 15. Rg3 Bxd4 16. Qxd4 Qxd4 17. Rxd4 Nb8 18. Rd2 Nc6 19. Ne2 b4 20.
Nd4 Bd7 $10 {Tischbierek,R-Zysk,R/BL9293/}) (13... Bb7 $5 14. h5 b4 15. Na4
Bxd4 16. Qxd4 Qa5 17. b3 Bc6 18. Nb2 Rfc8 $1 $10 {Tischbierek,R-Knaak,R/BL9293/
}) 14. Na4 ({The alternative is:} 14. Ne2) 14... Bxd4 15. Qxd4 {[#]} f6 {
After Kasparov bet Short up with this move, it has been avoided by practically
everybody except Brynell who found a hole in Kasparov's analysis.} (15... Qa5
16. b3 Bb7 17. c3 $1 Rfc8 18. Kb2 bxc3+ 19. Rxc3 Rxc3 20. Qxc3 {Nijboer,
F-Luther,T/Leuwaarden/1992/} Qd8 21. Rc1 Rc8 22. Qb4 Qxh4 23. Qxb7 Qf2+ 24. Ka3
Rxc1 25. Qxd7 g6 26. Bxa6 Ra1 $14 {Nijboer}) (15... a5 16. Bb5 Rb8 17. Bd3 (17.
c4 bxc3 18. Nxc3 Qb6 19. Qxb6 Rxb6 20. b3 f6 $13 {Yurtaev,L-Goloshchapov,A/
Goodricke Open 2000}) (17. Be2 Bb7 18. Kb1 Bc6 19. Nc5 Bb5 20. Bd3 Nxc5 21.
Qxc5 Qd7 $11 {De la Riva Aguado,O-Glek,I/Open 1999}) 17... Qc7 18. h5 Bb7 19.
g4 Rfc8 20. Rh2 Qc6 21. b3 Ba6 {+/=/= Forgarasi,T-Luther,T/Kecskemet/1993/})
16. Qxb4 (16. Rg3 $6 {was played by Thorhallsson against Brynell in Iceland
1997.} Qc7 17. Qxb4 fxe5 18. Qe7 Rf7 19. Qxe6 exf4 20. Rc3 Nf6) 16... fxe5 17.
Qd6 Qf6 18. f5 {I think Wedberg carried some kind of Kafkafeeling here. He is
walking on known streets but people are watching behind the curtains, or do
they not?} (18. fxe5 $2 Qf4+ 19. Kb1 Qxf1 $1) 18... Qh6+ (18... Qxf5 19. Rf3
Qg4 20. Rxf8+ Nxf8 21. Nb6 $18) 19. Kb1 Nf6 {Kasparov called this move
interesting but not good enough. Finkel,A: 'This move is definitly an
improvement, because after'} ({Nigel Short played:} 19... Rxf5 {but got
trouble after the difficult move:} 20. Rf3 $1 Rxf3 21. gxf3 Qf6 22. Bh3 Kf7 23.
c4 $1 $40 {black is in troubles; Kasparov,G-Short,N/Amsterdam VSB 1994}) 20.
Nb6 ({Kasparov (and also Ftacnik in CBM) recommended:} 20. fxe6 Ne4 21. Qxd5
Nd2+ (21... Bb7 22. Qxb7 Nd2+ 23. Ka1 Nxf1 24. e7 $18) 22. Rxd2 Bxe6 $5 {
And Brynell won against Berg in Örebro, just one week before this game.}) ({
Maybe we will see:} 20. Qxe5 {next time.}) (20. Qc7 exf5 21. Nb6 f4 22. Nxc8
Raxc8 23. Qxe5 Ng4 $132 {Van Blitterswijk,S-Stellwagen,D/NED-chT 2000}) 20...
Ne4 21. Qc7 Rf7 22. Qd8+ Rf8 23. Qc7 Rf7 24. Qxe5 {'!?' Finkel,A. Finkel,A:
'An attempt to play for a win'} (24. Qd8+ $11) 24... Rxf5 25. Qd4 (25. Qc7 $5)
25... Rb8 $1 $146 {'!?' Finkel,A.} ({There was:} 25... Rxf1 26. Rxf1 Nd2+ 27.
Qxd2 Qxd2 {with unclear play.}) ({There was also a game, Van der Weide -
Stellwagen:} 25... Nd2+ 26. Rxd2 Qxd2 27. Qxd2 Rxf1+ 28. Qc1 Rxc1+ 29. Kxc1 Rb8
30. Rb3 {And white has a clear advantage.}) 26. Nxc8 $6 {Wedberg goes one step
to far. '?' Finkel,A. Finkel,A: 'Very painful blunder simply losing a pawn
without any compensation.'} (26. Rf3 {was safer.} Bb7 (26... Rf6 $2 27. Nxd5
exd5 28. Qxd5+ Be6 29. Qxe4 $18) (26... Qf6 27. Rxf5 (27. Qxf6 $2 Rxf6 28. Rxf6
(28. Nxc8 $2 Rxf3 29. gxf3 Nc3+ 30. Kc1 Nxd1 31. Ne7+ Kf8 32. Nc6 Rb6 $19)
28... gxf6 29. Nxc8 Nc3+ $19) 27... Qxf5 28. Nxc8 Rxc8 29. Bxa6 Rb8 30. Bd3 $16
) 27. Rxf5 exf5 28. Nxd5 Qxh4 29. Qe5 Qg3 30. Nf4 Rc8 31. Bc4+ Kh8 (31... Rxc4
32. Qe8#) 32. Bf7) 26... Rxf1 27. Ne7+ Kh8 28. Rhd3 Rxd1+ 29. Rxd1 Qxh4 (29...
Qh5 $1) 30. Nc6 $6 (30. Qe5) 30... Rf8 $1 {Black steals the show.} 31. Ne5 Qf2
32. Qb4 Rc8 33. Rc1 Qf4 {The white pieces are chased all over the board.} 34.
Nd3 Qc7 35. Qd4 h6 36. Ne5 Qc5 37. Qd3 Qb5 38. Qh3 Ng5 39. Qe3 Qc5 40. Qd3 a5 {
The position still requires patience. Brynell has it.} 41. Rh1 Ne4 42. Rc1 Qb6
43. Rf1 Kg8 44. Rc1 a4 45. Ka1 Rb8 46. Rb1 Qd6 47. Nf3 Rc8 48. Nd4 Rc4 49. Ne2
Qe5 50. a3 Qc7 51. c3 Nc5 52. Qh3 Re4 53. Nd4 e5 {End of fun.} 54. Ne6 Nb3+ 55.
Ka2 Qc4 56. Rh1 Re2 57. Kb1 Qe4+ 58. Ka2 Re1 59. Rxe1 0-1